Statystyki dla Sławni miliarderzy

Kliknij tutaj aby rozwiązać quiz!

Ogólne statystyki

  • Ten quiz został rozwiązany 20 razy
  • Średni wynik to 4 z 20

Statystyki odpowiedzi

PozycjaWartość nettoNarodowośćWskazówkaMiliarder% Poprawnych
1244 mld Tworzy samochody, rakiety i miotacze ogniaElon Musk
89%
6625 mldZałożyciel Ali BabaJack Ma
63%
6118 mldWspółzałożyciel MicrosoftuBill Gates
58%
3169 mldZałożyciel Amazon.comJeff Bezos
58%
7115 mldZałożyciel FacebookaMark Zuckerberg
37%
5585.1 mldTwórca "Gwiezdnych wojen"George Lucas
26%
11142.8 mld
Prezenterka telewizyjna, która była drugim najbogatszym Afroamerykaninem XX wieku
Oprah Winfrey
16%
2188 mld
Za każdym razem, gdy ktoś kupuje torebkę Louis Vuitton, staje się nieco bogatszy
Bernard Arnault
5%
13913 mldTwórca stylowych garniturów, które noszą jego imięGiorgio Armani
5%
5844.8 mldReżyser filmów "E.T." oraz "Szeregowiec Ryan"Steven Spielberg
5%
5119 mldInwestor zwany "wyrocznią z Omaha"Warren Buffett
5%
1297 mld
Założyciel Zara
Amancio Ortega
0%
1199 mldMonopol telefoniczny uczynił go kiedyś najbogatszą osobą na świecieCarlos Slim
0%
4148 mldZałożyciel Oracle, który kocha jachtyLarry Ellison
0%
4426.2 mldWłaściciel Dallas Mavericks, występujący w "Shark Tank"Mark Cuban
0%
7922 mldCEO SoftBank, który słynie z robienia dużych zakładów
i tracenia ogromnych sum pieniędzy
Masayoshi Son
0%
1396 mldByły burmistrz Nowego Jorku, który wydał mnóstwo pieniędzy na nieudaną próbę zostania prezydentemMichael Bloomberg
0%
1593 mld
Jest właścicielem najdroższego domu na świecie -
173-metrowego prywatnego wieżowca w Bombaju
Mukesh Ambani
0%
10712.9 mldZałożyciel VirginRichard Branson
0%
9918 mld Był prezesem Fox Corporation i News CorpRupert Murdoch
0%

Rozkład punktacji

Percentyl według liczby udzielonych odpowiedzi

Procent ludzi z każdym wynikiem

Twoja historia wyników

Nie rozwiązałeś tego quizu